zpět

Detail výsledku týmu

Pivní restaurace, Kadaň

Datum a čas kvízu

22 Celkem bodů Celkový počet nahraných bodů na tomto kvízu bez doplňovacích otázek.
3. Pořadí na kvízu Konečné umístění týmu na tomto kvízu.

Zaznamenané odpovědi

# Otázka Odpověď Body Výsledky
1. Česká advokátní komora uložila... 0
2. Na otevření nového obchodu s h... 0
3. Ve zlínském obchodním a zábavn... 0
4. Po deseti letech končí udílení... 1
5. Velká fotbalová legenda se sta... 0
6. Dědictví aneb Kurvahošigutntag... 0
7. V Brně na ulici Česká se natáč... 0
8. Kterou značku cigaret má Bohuš... 0
9. "Však je to sladké jak ___ ___... 0
10. Pták, kterého Bohuš koupil Ire... 0